000 00338nam a2200097Ia 4500
008 220120s9999||||xx |||||||||||||| ||und||
100 _aAkshitha s r, kavya m k, konnannur ankitha nagaraj
_912748
245 0 _aRobotic fire detector, extinguisher & emergency alert
260 _aCoorg Institute of Technology
_bPonnampet
650 _aMECHANICAL
999 _c138348
_d138348